По горам и равнинам: очерки по геологии нашей страны

Bibliographische Detailangaben
1. Verfasser: Кузнецов С. С. Сергей Сергеевич
Sprache:Russisch
Veröffentlicht: Москва, Учпедгиз, 1957
Ausgabe:2-е изд., перераб.
Schlagworte:
Format: MixedMaterials Buch
KOHA link:https://koha.lib.tpu.ru/cgi-bin/koha/opac-detail.pl?biblionumber=156907

MARC

LEADER 00000nam0a2200000 4500
001 156907
005 20231031153435.0
035 |a (RuTPU)RU\TPU\book\170159 
090 |a 156907 
100 |a 20090401d1957 m y0rusy50 ca 
101 0 |a rus 
102 |a RU 
105 |a a z 001cy 
200 1 |a По горам и равнинам  |e очерки по геологии нашей страны  |f С. С. Кузнецов 
205 |a 2-е изд., перераб. 
210 |a Москва  |c Учпедгиз  |d 1957 
215 |a 280 с.  |c ил. 
320 |a Словарь терминов: с. 272-279. 
610 1 |a геология 
610 1 |a геологическое строение 
610 1 |a горы 
610 1 |a равнины 
610 1 |a СССР 
675 |a 550  |v 3 
700 1 |a Кузнецов  |b С. С.  |g Сергей Сергеевич 
801 1 |a RU  |b 63413507  |c 20090401  |g PSBO 
801 2 |a RU  |b 63413507  |c 20091102  |g RCR 
942 |c BK